<?xml version="1.0" encoding="UTF-8"?>
<marc:record xmlns:marc="http://www.loc.gov/MARC21/slim">
   <marc:leader>00000nam a2200000 a 4500</marc:leader>
   <marc:datafield ind1="1" ind2=" " tag="100">
      <marc:subfield code="a">Larrain, Pablo</marc:subfield>
      <marc:subfield code="4">drt</marc:subfield>
      <marc:subfield code="e">Regisseur/-in</marc:subfield>
   </marc:datafield>
   <marc:datafield ind1="0" ind2="0" tag="245">
      <marc:subfield code="a">Jackie - Die First Lady</marc:subfield>
   </marc:datafield>
   <marc:datafield ind1=" " ind2="1" tag="264">
      <marc:subfield code="c">20017</marc:subfield>
   </marc:datafield>
   <marc:datafield ind1="1" ind2=" " tag="520">
      <marc:subfield code="a">Jacqueline Kennedy lädt einen Journalisten zu sich ein, um ihm ihre Sicht auf die nur kurz zurückliegende Ermordung ihres Mannes John F. Kennedy zu schildern. Sie möchte ihrer beider Platz in der Geschichte sichern, so wie sie es für richtig hält. Trotz Schock und tiefer Trauer denkt sie an Details für die Beerdigung. Sie setzt sich dafür ein, dass die Zeremonie für ihren Mann mit ähnlichem Pomp wie für Abraham Lincoln durchgeführt wird. Sie will ihn nicht im Familiengrab, sondern in Arlington bestatten lassen. &#xD;
&#xD;
Quelle: Verlagsinformation</marc:subfield>
   </marc:datafield>
   <marc:datafield ind1=" " ind2=" " tag="041">
      <marc:subfield code="a">ger</marc:subfield>
   </marc:datafield>
   <marc:datafield ind1=" " ind2=" " tag="338">
      <marc:subfield code="a">Videodisk</marc:subfield>
   </marc:datafield>
</marc:record>
